| 000 | 02176nam0a2200409 4500 | ||
|---|---|---|---|
| 001 | RU\NLR\bibl\1867184 | ||
| 005 | 20260408064142.0 | ||
| 010 |
_a978-5-98709-429-7 _9150 |
||
| 021 |
_aRU _b2012-3729 _9271 |
||
| 035 | _a(nilc)RSL-KNO-005381283 | ||
| 035 | _a(NLR Aleph) 001857055 | ||
| 090 |
_a2480230 _c2480230 |
||
| 100 | _a20120206d2011 |||y0rusy50 ca | ||
| 101 | 0 | _arus | |
| 102 | _aRU | ||
| 105 | _aa ||||||||| | ||
| 200 | 1 |
_aСимпозиум "Теоретическая, синтетическая, биологическая и прикладная химия элементоорганических соединений", посвященный 90-летию академика М. Г. Воронкова, Санкт-Петербург, 5-7 декабря 2011 г. _eтезисы докладов |
|
| 210 |
_aСанкт-Петербург _cЛЕМА _d2011 |
||
| 215 |
_a138 с. _cил. _d28 |
||
| 300 | _aНа обл. в надзаг.: Рос. акад. наук, Рос. фонд фундам. исслед., С.-Петерб. науч. центр РАН | ||
| 320 | _aБиблиогр. в конце докл. | ||
| 320 | _aАвт. указ.: с. 135-138 | ||
| 600 | 1 |
_aВоронков _bМ.Г. _f1921 - 2014 _gМихаил Григорьевич _92248275 _3RU\NLR\auth\661348716 |
|
| 606 | 1 |
_aЭлементоорганические соединения _jТезисы докладов _91142548 _3RU\NLR\auth\66136496 |
|
| 686 |
_aГ2я431(0) _2rubbk |
||
| 686 |
_aГ727я431(0) _2rubbk |
||
| 686 |
_aЛ10я431(0) _2rubbk |
||
| 686 | _aГ27я431 | ||
| 702 | 1 |
_4570 _8rus _7ca _aВоронков _bМ. Г. _f1921-2014 _gМихаил Григорьевич _3RU\NLR\AUTH\7729944 _912971 |
|
| 710 | 1 | 2 |
_a"Теоретическая, синтетическая, биологическая и прикладная химия элементоорганических соединений", симпозиум _f2011 _eСанкт-Петербург _3RU\NLR\AUTH\8810209528 _9306314 |
| 801 | 0 |
_aRU _bRuMoRKP _c20120206 _grcr |
|
| 801 | 1 |
_aRU _bРГБ _c20120206 |
|
| 801 | 2 |
_aRU _bNLR _c20120208 _grcr |
|
| 942 | _cBOOK | ||
| 980 | _aNB | ||
| 980 | _aNBR | ||